| 000 | 00427nam a2200157Ia 4500 | ||
|---|---|---|---|
| 008 | 230718s9999 xx 000 0 und d | ||
| 041 | _aeng | ||
| 082 |
_a814.54'46 _bCAN |
||
| 100 | _aCanfield J. | ||
| 245 | _aChicken Soup For The Soul | ||
| 260 |
_c2009 _bMehta Publishing House |
||
| 300 | _a226 | ||
| 365 |
_cRs. _b160.00 |
||
| 700 | _aCanfield J. & Hansen M.V. | ||
| 906 |
_dO:0077323-Mar-2010B:233518-Mar-2010 _cMAR _b32 |
||
| 999 |
_c324617 _d324617 |
||